[Event "Muensterland Verbandsklasse 1718"]
[Site "Germany"]
[Date "2018.04.07"]
[Round "8.5"]
[White "Tuente, Marcel"]
[Black "Pusch, Herbert"]
[Result "1/2-1/2"]
[WhiteElo "1784"]
[BlackElo "1541"]
[PlyCount "63"]
[EventDate "2017.09.16"]
[EventType "team-tourn"]
[EventRounds "9"]
[EventCountry "GER"]
[SourceTitle "EXT 2019"]
[Source "ChessBase"]
[SourceDate "2018.10.10"]
[SourceVersion "1"]
[SourceVersionDate "2018.10.10"]
[SourceQuality "1"]
[WhiteTeam "Raesfeld Erle II"]
[BlackTeam "Stadtlohn"]
[WhiteTeamCountry "GER"]
[BlackTeamCountry "GER"]

1. e4 g6 2. d4 Bg7 3. Nf3 e6 4. Nc3 a6 5. g3 Ne7 6. Bg2 d6 7. 0-0 0-0 8. Be3 f5 9. Bg5 h6 10. Bxe7 Qxe7 11. e5 Kh7 12. Qe2 d5 13. Na4 Bd7 14. Nc5 Bb5 15. Nd3 b6 16. a4 Bc6 17. b4 Nd7 18. c3 Rfc8 19. Rfc1 Nf8 20. Qb2 Be8 21. c4 c6 22. c5 b5 23. axb5 axb5 24. Ra2 Rxa2 25. Qxa2 Rc7 26. Ra1 g5 27. Nd2 Ng6 28. Nb3 h5 29. Qd2 Bh6 30. Qe2 g4 31. f4 h4 32. Kf2 1/2-1/2

[Event "Muensterland Verbandsklasse 1314"]
[Site "Germany"]
[Date "2014.01.11"]
[Round "5.8"]
[White "Pusch, Herbert"]
[Black "Hundehege, Tobias"]
[Result "0-1"]
[WhiteElo "1595"]
[BlackElo "1677"]
[PlyCount "80"]
[EventDate "2013.09.21"]
[EventType "team-tourn"]
[EventRounds "9"]
[EventCountry "GER"]
[SourceTitle "EXT 2015"]
[Source "ChessBase"]
[SourceDate "2014.11.20"]
[SourceVersion "1"]
[SourceVersionDate "2014.11.20"]
[SourceQuality "1"]
[WhiteTeam "Stadtlohn"]
[BlackTeam "Muenster SK V"]
[WhiteTeamCountry "GER"]
[BlackTeamCountry "GER"]

1. c4 Nf6 2. d4 c6 3. Nc3 d5 4. e3 Bf5 5. Bd3 Bxd3 6. Qxd3 e6 7. Nf3 Nbd7 8. c5 Be7 9. 0-0 0-0 10. b4 b6 11. Nd2 a5 12. bxa5 bxc5 13. dxc5 Nxc5 14. Qe2 Qxa5 15. Bb2 Rfb8 16. Nb3 Nxb3 17. axb3 Qb4 18. Rxa8 Rxa8 19. Qc2 Rb8 20. Rb1 Nd7 21. Bc1 Nc5 22. Bd2 Qb6 23. b4 Na6 24. b5 Nb4 25. Qb3 cxb5 26. Kf1 Qc6 27. Ne2 Na6 28. Rc1 Qb7 29. Nd4 Nc5 30. Qb1 b4 31. Nb3 Qa6+ 32. Kg1 Nxb3 33. Qxb3 Qa3 34. Rb1 Qxb3 35. Rxb3 Ra8 36. Kf1 Ra3 37. Rb2 b3 38. Bc3 Bf6 39. Bxf6 gxf6 40. f4 Ra1+ 0-1